000 00349nam a2200157Ia 4500
003 OSt
005 20240101104640.0
008 170524s9999 xx 000 0 und d
020 _a9780071072748
040 _cIIMT UNIVERSITY
100 _aHUGHES BOB
100 _c2012
245 0 _aSOFTWARE PROJECT MANAGEMENT
260 _aTMH
942 _2ddc
_c02
999 _c2925
_d2925